000 00954nam0a22002531 4500
001 RU\NLR\A1SV\152059
005 20251203171251.9
035 _a(NLR Aleph) 011978471
090 _a11295723
_c11295723
100 _a20190402d1919 u y0rusy50 ca
101 0 _arus
102 _aRU
200 1 _aЛекции по коллоидной химии с начальными сведениями по физической химии
_eРук. для врачей, биологов и студентов-медиков
_fСост. проф. К.В.Харичков
210 _aРостов н/Д.
_cИзд-во Кооп. т-ва "Единение"
_d1919
215 _a38 с.
_d25 см
620 _dРостов-на-Дону
700 1 _aХаричков
_bК.В.
_f1865-1921
_gКонстантин Васильевич
801 0 _aRU
_bNLR
_c20190402
899 _aРГБ
899 _aРГБ
942 _cBOOK
980 _aNB
980 _aA1SV